| 000 | 00865nam a22002057a 4500 | ||
|---|---|---|---|
| 003 | SEM | ||
| 005 | 20260409133316.0 | ||
| 008 | 260402s1998 ai ||||gr||||||01|||arm|d | ||
| 040 |
_aSEM _cSEM |
||
| 041 | _aarm | ||
| 082 | _a264.23:281.62/Հ-17 | ||
| 100 |
_aՅակոբոս, Երուսաղէմացի _q[Հակոբոս, Երուսաղեմացի] |
||
| 245 |
_aՆարեկաղօթերգութիւն ։ _bՇար Ա քառաձայն երգչախումբի ու երգեհոնի համար / _cՅակոբոս Երուսաղէմացի |
||
| 246 |
_a[Նարեկաղոթերգություն ։ _bՇար Ա քառաձայն երգչախմբի ու երգեհոնի համար] / |
||
| 260 |
_aԵրևան ։ _bԱ․ հ․, _c1998․ |
||
| 300 |
_a53 էջ ; _c29 սմ |
||
| 650 |
_aՇարական _xՀայ եկեղեցի _xնոտա |
||
| 653 | _aՍԷՄ | ||
| 942 |
_2ddc _cNOTE _n0 |
||
| 999 |
_c77227 _d77227 |
||